| 000 | 004970000a22001810004500 | ||
|---|---|---|---|
| 041 | 0 | _aSPA | |
| 082 | 0 | 4 | _aG 238.7 W691c |
| 100 | 1 | _aWillard, F. Burleigh | |
| 245 | 1 | 0 | _aCreencias de nuestra iglesia / F. Burleigh Willard |
| 260 | _aCobán, Guatelama : Casa Nazarena | ||
| 300 | _a72 Pag | ||
| 650 | 1 | 4 | _aIGLESIA METODISTA - CATECISMOS Y CREDOS |
| 001 | 4700 | ||
| 942 | _cBK | ||
| 999 |
_c35262 _d35262 |
||
| 336 |
_atexto _btxt _2rdacontent |
||
| 337 |
_2rdamedia _asin mediación _bn |
||
| 338 |
_2rdacarrier _avolumen _bnc |
||